000 00616nam a2200229Ia 4500
005 20260429112008.0
008 260429s9999||||xx |||||||||||||| ||und||
020 _a9781032557731
041 _aEnglish
082 _a378.007
_bTAY
100 _aTaylor, Stan
245 0 _aHandbook for doctoral supervisors /
_cStan Taylor
250 _a3rd ed.
260 _aNew Delhi :
_bRoutledge,
_c2025.
300 _aviii, 332 p.; pbk
650 _a Academic mentoring
650 _a Higher education
650 _a Research supervision
650 _aDoctoral education
700 _a Kiley, Margaret
942 _cTB
999 _c51802
_d51802